LDR 00776naa#a2200205#i#450# 001 EN\\bibl\123411 005 20260706010819.1 011 ## _a1994-4683 100 ## _a20230731b2023####ek#y0engy0150####ca 102 ## _aRU 200 1# _aDEVELOPMENT OF STRENGTH ENDURANCE IN THE AIR FORCE _eJournal article 210 1# _aMoscow _cNational State University of Physical Education, Sports and Health named after P.F. Lesgaft _d2023 215 ## _a4 с. 608 ## _aJournal article _2local 675 ## _aПодготовленность. Тренированность. Контроль за состоянием тренированности. 796.015.68 _z 700 #1 _aPopadin _gV V 700 #1 _aRomanov _gK V 700 #1 _aZavarzin _gA V 700 #1 _aZHarkikh _gS A 856 4# _auchzapiski.lesgaft.spb.ru _u